La semiosis social: fragmentos de una teoría de la discursividad

محفوظ في:
التفاصيل البيبلوغرافية
المؤلف الرئيسي: Verón, Eliseo (مؤلف)
التنسيق: كتاب
اللغة:الإسبانية
منشور في: Barcelona Gedisa 1993
الطبعة:1a. ed
سلاسل:Colección El Mamífero Parlante
الموضوعات:
الوسوم: إضافة وسم
لا توجد وسوم, كن أول من يضع وسما على هذه التسجيلة!

MARC

LEADER 00000nam a2200000 a 4500
001 UCT8383
003 CL-VaPUC
008 970326e19930000SP |||||||||||||||||spa|d
020 |a 9788474325027 
082 0 4 |a 401.41  |b VER  |2 21 
100 0 |a Verón, Eliseo  |e author  |9 380092 
245 1 3 |a La semiosis social: fragmentos de una teoría de la discursividad 
250 |a 1a. ed 
300 |a 235 p 
942 |c BK 
945 |d 19970326 00:00:00  |a nastorga 
260 |a Barcelona  |b Gedisa  |c 1993 
650 0 |a Semiótica  |9 265317 
650 0 |a Ideologías  |9 255200 
650 0 |a Ciencia  |9 255691 
650 0 |a Lenguaje   |9 265069 
650 0 |a Lectura  |9 307634 
650 0 |a Lingüística  |9 265068 
650 0 |a Discursos   |9 265028 
583 |a last modification  |c 19970326 00:00:00  |k Rodrigo Vera 
490 0 |a Colección El Mamífero Parlante 
999 |c 256887  |d 256885 
952 |0 0  |1 0  |4 0  |6 401_410000000000000_VER_1993  |7 0  |8 A  |9 279965  |a BIBEDU  |b BIBEDU  |d 2019-11-19  |i 3293742  |o 401.41 VER 1993  |p 3293742  |r 2019-11-19  |w 2019-11-19  |y BK  |k PSI 
952 |0 0  |1 0  |4 0  |6 401_410000000000000_VER_1993  |7 0  |8 A  |9 279966  |a BIBCUR  |b BIBCUR  |d 2019-11-19  |i 3591263  |o 401.41 VER 1993  |p 3591263  |r 2025-04-22  |w 2019-11-19  |y BK  |k PER 
952 |0 0  |1 0  |4 0  |6 401_410000000000000_VER_1993  |7 0  |8 A  |9 279967  |a BIBCUR  |b BIBCUR  |d 2019-11-19  |i 4562062  |o 401.41 VER 1993  |p 4562062  |r 2025-04-22  |w 2019-11-19  |y BK  |k PER 
952 |0 0  |1 0  |4 0  |6 401_410000000000000_VER_1993  |7 0  |8 A  |9 279968  |a BIBCUR  |b BIBCUR  |d 2019-11-19  |i 4752767  |o 401.41 VER 1993  |p 4752767  |r 2025-04-22  |w 2019-11-19  |y BK  |k PER